[Event "Krakow op-A 29th"]
[Site "Krakow"]
[Date "2018.12.27"]
[Round "1"]
[White "Hnydiuk, Aleksander"]
[Black "Boino, Claudio N Vigidal"]
[Result "1-0"]
[WhiteElo "2409"]
[BlackElo "2180"]
[PlyCount "83"]
[EventDate "2018.12.27"]
[EventType "swiss"]
[EventRounds "9"]
[EventCountry "POL"]
[SourceTitle "CBM 188 Extra"]
[Source "ChessBase"]
[SourceDate "2019.02.26"]
[SourceVersion "1"]
[SourceVersionDate "2019.02.26"]
[SourceQuality "1"]

1. Nf3 d5 2. d4 Nf6 3. c4 e6 4. g3 Be7 5. Bg2 0-0 6. 0-0 dxc4 7. Qc2 a6 8. Qxc4 b5 9. Qc2 Bb7 10. Bd2 Ra7 11. Rc1 Be4 12. Qb3 Nc6 13. e3 Qa8 14. Qd1 b4 15. Qf1 Rc8 16. Be1 Na5 17. Nbd2 Bc6 18. Ne5 Bxg2 19. Qxg2 Qxg2+ 20. Kxg2 c5 21. dxc5 Nc6 22. Nxc6 Rxc6 23. Nb3 a5 24. Nd4 Rxc5 25. Nc6 Rxc1 26. Rxc1 Rc7 27. Nxe7+ Rxe7 28. Rc5 h6 29. Rxa5 Rb7 30. b3 g5 31. Ra4 Nd5 32. e4 Nf6 33. Rxb4 Ra7 34. a4 h5 35. Bc3 Nd7 36. Bd4 Ra6 37. Rb5 f6 38. a5 e5 39. Be3 Kf7 40. b4 g4 41. Rd5 Ke6 42. Rd2 1-0

[Event "Hastings Masters op 93rd"]
[Site "Hastings"]
[Date "2018.01.03"]
[Round "7"]
[White "Britton, Richard"]
[Black "Boino, Claudio N Vigidal"]
[Result "0-1"]
[WhiteElo "2239"]
[BlackElo "2123"]
[PlyCount "82"]
[EventDate "2017.12.28"]
[EventType "swiss"]
[EventRounds "9"]
[EventCountry "ENG"]
[SourceTitle "CBM 182 Extra"]
[Source "ChessBase"]
[SourceDate "2018.02.23"]
[SourceVersion "1"]
[SourceVersionDate "2018.02.23"]
[SourceQuality "1"]

1. e4 e5 2. Nf3 Nc6 3. Bb5 a6 4. Ba4 Nf6 5. 0-0 Be7 6. Re1 b5 7. Bb3 d6 8. c3 0-0 9. h3 Nb8 10. d4 Nbd7 11. Nbd2 Bb7 12. Bc2 Re8 13. Nf1 Bf8 14. Ng3 g6 15. a4 c5 16. d5 c4 17. Bg5 Nc5 18. Qd2 Be7 19. Bh6 Nfd7 20. a5 Bc8 21. Rf1 Bf8 22. Be3 Bg7 23. Nh2 h5 24. Bg5 Bf6 25. Bxf6 Qxf6 26. f4 exf4 27. Rxf4 Qg5 28. Qf2 Ne5 29. h4 Qe7 30. Qd4 Bg4 31. Raf1 Qxh4 32. Ne2 Ra7 33. Qe3 Rae7 34. Nd4 Qg5 35. Nxg4 Nxg4 36. Qg3 Nxe4 37. Bxe4 Rxe4 38. Rxe4 Rxe4 39. Qxd6 Qe3+ 40. Kh1 Nf2+ 41. Kg1 Nd3+ 0-1

[Event "Hastings Masters op 92nd"]
[Site "Hastings"]
[Date "2017.01.05"]
[Round "9"]
[White "Boino, Claudio N Vigidal"]
[Black "Webb, Laurence"]
[Result "1-0"]
[WhiteElo "2066"]
[BlackElo "2300"]
[PlyCount "107"]
[EventDate "2016.12.28"]
[EventType "swiss"]
[EventRounds "9"]
[EventCountry "ENG"]
[SourceTitle "CBM 176 Extra"]
[Source "ChessBase"]
[SourceDate "2017.03.02"]
[SourceVersion "1"]
[SourceVersionDate "2017.03.02"]
[SourceQuality "1"]

1. d4 Nf6 2. Nf3 g6 3. c4 Bg7 4. Nc3 0-0 5. e4 d6 6. Be2 Bg4 7. Be3 Nfd7 8. 0-0 c5 9. d5 Na6 10. h3 Bxf3 11. Bxf3 Nc7 12. Be2 a6 13. a4 Rb8 14. Qd2 Re8 15. Kh1 b5 16. cxb5 Bxc3 17. bxc3 axb5 18. axb5 Nxb5 19. f4 Nc7 20. e5 dxe5 21. c4 exf4 22. Rxf4 e5 23. Rff1 Ra8 24. Bg4 Rxa1 25. Rxa1 f5 26. Bg5 Nf6 27. Bf3 Qd6 28. Ra7 Rf8 29. Qa5 Nfe8 30. Bh6 Rf7 31. Rb7 e4 32. Be2 f4 33. Rb6 Qe5 34. Re6 Nxe6 35. dxe6 Qxe6 36. Bg4 Qc6 37. Qd8 f3 38. Kg1 f2+ 39. Kf1 Qa4 40. Bc1 Qc6 41. Bh6 g5 42. Qxg5+ Ng7 43. Bh5 Qf6 44. Bxf7+ Kxf7 45. Qxg7+ Qxg7 46. Bxg7 Kxg7 47. Kxf2 Kf6 48. Ke3 Kf5 49. g4+ Ke5 50. h4 h6 51. g5 h5 52. g6 Kf6 53. Kxe4 Kxg6 54. Ke5 1-0

[Event "Hastings Masters op 92nd"]
[Site "Hastings"]
[Date "2017.01.01"]
[Round "5"]
[White "Sethuraman, SP."]
[Black "Boino, Claudio N Vigidal"]
[Result "1-0"]
[WhiteElo "2647"]
[BlackElo "2066"]
[PlyCount "57"]
[EventDate "2016.12.28"]
[EventType "swiss"]
[EventRounds "9"]
[EventCountry "ENG"]
[SourceTitle "CBM 176 Extra"]
[Source "ChessBase"]
[SourceDate "2017.03.02"]
[SourceVersion "1"]
[SourceVersionDate "2017.03.02"]
[SourceQuality "1"]

1. e4 e5 2. Nf3 Nc6 3. Bc4 Nf6 4. d3 Be7 5. 0-0 0-0 6. Re1 d6 7. a4 Na5 8. Ba2 c5 9. c3 Nc6 10. Na3 a6 11. Bd2 Be6 12. Bxe6 fxe6 13. b4 cxb4 14. cxb4 h6 15. Qb3 Qd7 16. Nc4 Bd8 17. b5 Nd4 18. Nxd4 exd4 19. bxa6 bxa6 20. Bb4 d5 21. exd5 exd5 22. Nb6 Bxb6 23. Bxf8 Ba5 24. Re7 Qd8 25. Bxg7 Rb8 26. Rb7 Rxb7 27. Qxb7 Ng4 28. Bxd4 Bc7 29. Rc1 1-0

[Event "Hastings Masters op 92nd"]
[Site "Hastings"]
[Date "2016.12.28"]
[Round "1"]
[White "Dennis, Nigel W"]
[Black "Boino, Claudio N Vigidal"]
[Result "0-1"]
[WhiteElo "1818"]
[BlackElo "2066"]
[PlyCount "83"]
[EventDate "2016.12.28"]
[EventType "swiss"]
[EventRounds "9"]
[EventCountry "ENG"]
[SourceTitle "CBM 176 Extra"]
[Source "ChessBase"]
[SourceDate "2017.03.02"]
[SourceVersion "1"]
[SourceVersionDate "2017.03.02"]
[SourceQuality "1"]

1. e4 e5 2. Nf3 Nc6 3. Bb5 a6 4. Ba4 Nf6 5. 0-0 Be7 6. Re1 b5 7. Bb3 d6 8. c3 0-0 9. h3 Nb8 10. d4 Nbd7 11. Nbd2 Bb7 12. Bc2 Re8 13. Nf1 Bf8 14. Ng3 g6 15. Bg5 h6 16. Bxf6 Qxf6 17. Qd2 Bg7 18. Rad1 Rad8 19. a4 Nb6 20. axb5 axb5 21. b3 Ra8 22. Ra1 exd4 23. cxd4 c5 24. Rxa8 Rxa8 25. dxc5 dxc5 26. Rd1 Ra1 27. Rxa1 Qxa1+ 28. Kh2 Qf6 29. e5 Qe7 30. Be4 Bxe4 31. Nxe4 Bxe5+ 32. Kg1 Bg7 33. Nc3 c4 34. bxc4 bxc4 35. Kf1 Kh7 36. Nd4 Qd6 37. Ncb5 Qc5 38. Qc3 Nd5 39. Qd2 c3 40. Qd3 Nb4 41. Qe3 c2 42. Kg1 0-1

[Event "POR-chT2"]
[Site "Portugal"]
[Date "2005.02.19"]
[Round "?"]
[White "Boino, Claudio N Vigidal"]
[Black "Vitor, Antonio Pedro Caste"]
[Result "0-1"]
[WhiteElo "2144"]
[BlackElo "2343"]
[PlyCount "74"]
[EventDate "2005.01.??"]
[EventType "team"]
[EventRounds "7"]
[EventCountry "POR"]
[SourceTitle "EXT 2006"]
[Source "ChessBase"]
[SourceDate "2005.11.24"]
[SourceVersion "1"]
[SourceVersionDate "2005.11.24"]
[SourceQuality "1"]

1. d4 g6 2. c4 Bg7 3. e4 c5 4. d5 d6 5. Nc3 Nf6 6. f4 0-0 7. Be2 e6 8. Nf3 exd5 9. cxd5 Bg4 10. 0-0 Nbd7 11. a4 Ne8 12. Nd2 Bxe2 13. Qxe2 f5 14. Nf3 Qe7 15. Ng5 Bxc3 16. bxc3 Ng7 17. c4 h6 18. Ne6 Nxe6 19. exf5 gxf5 20. Ra3 Nf6 21. Re3 Ne4 22. dxe6 Qxe6 23. Bb2 Rae8 24. Ba1 Kh7 25. Re1 Rg8 26. a5 Qg6 27. Qb2 Re7 28. Rb3 Qf7 29. Rb1 Rb8 30. Qc2 Qg6 31. Qd3 h5 32. Qd5 Qf7 33. Qd1 Kh6 34. Re3 Rg8 35. Rxe4 fxe4 36. Qxd6+ Qe6 37. Qd2 e3 0-1

[Event "Lisbon Summer op"]
[Site "Lisbon"]
[Date "2000.08.24"]
[Round "4"]
[White "Boino, Claudio N Vigidal"]
[Black "McMahon, Daire"]
[Result "0-1"]
[WhiteElo "2114"]
[BlackElo "2246"]
[PlyCount "104"]
[EventDate "2000.08.21"]
[EventType "swiss"]
[EventRounds "10"]
[EventCountry "POR"]
[SourceTitle "EXT 2001"]
[Source "ChessBase"]
[SourceDate "2000.11.22"]
[SourceVersion "1"]
[SourceVersionDate "2000.11.22"]
[SourceQuality "1"]

1. e4 e5 2. Nf3 Nc6 3. Bb5 Nf6 4. 0-0 Bc5 5. c3 Nxe4 6. d4 exd4 7. cxd4 Bb6 8. d5 Ne7 9. Bd3 Nd6 10. Nc3 Ndf5 11. Qc2 d6 12. g4 Nh6 13. Bxh6 gxh6 14. Bf5 Nxf5 15. gxf5 Qf6 16. Qe4+ Kf8 17. Qf4 Rg8+ 18. Kh1 Qxf5 19. Qxh6+ Rg7 20. Nh4 Qg5 21. Qxg5 Rxg5 22. f4 Rg4 23. Ng2 Bf5 24. Rae1 Re8 25. Rxe8+ Kxe8 26. Re1+ Kd8 27. Ne4 Bxe4 28. Rxe4 Rg8 29. h3 Re8 30. Rxe8+ Kxe8 31. Ne1 Ke7 32. Kg2 Kf6 33. Kf3 Bd4 34. b3 Bc3 35. Ng2 Kg6 36. Ke4 f5+ 37. Kd3 Bb2 38. a4 Bc1 39. b4 c6 40. Kc4 a6 41. b5 cxb5+ 42. axb5 a5 43. Kb3 Bd2 44. Ka4 b6 45. Kb3 Kh5 46. Kc2 Bxf4 47. Nxf4+ Kh4 48. Nd3 Kxh3 49. Kd2 a4 50. Kc3 h5 51. Kb4 h4 52. Kxa4 Kg3 0-1

[Event "Lisbon-ch"]
[Site "Olival Basto"]
[Date "2000.04.10"]
[Round "12"]
[White "Boino, Claudio N Vigidal"]
[Black "Santos, Jose Pereira"]
[Result "1-0"]
[WhiteElo "2134"]
[BlackElo "2301"]
[PlyCount "71"]
[EventDate "2000.03.15"]
[EventType "swiss"]
[EventRounds "12"]
[EventCountry "POR"]
[SourceTitle "EXT 2001"]
[Source "ChessBase"]
[SourceDate "2000.11.22"]
[SourceVersion "1"]
[SourceVersionDate "2000.11.22"]
[SourceQuality "1"]

1. e4 d5 2. exd5 Qxd5 3. Nc3 Qd8 4. d4 Nf6 5. Nf3 Bf5 6. Bc4 e6 7. 0-0 c6 8. Ne5 Qc7 9. Bf4 Bd6 10. Qe2 Nbd7 11. Rfe1 0-0-0 12. Bg3 Nb6 13. Bd3 Bg6 14. Ne4 Bxe4 15. Bxe4 h5 16. h4 Ng4 17. Bf3 Nxe5 18. dxe5 Be7 19. Rad1 g5 20. Rxd8+ Qxd8 21. Rd1 Qg8 22. Qe4 g4 23. Be2 Qg7 24. a4 Rd8 25. Rxd8+ Bxd8 26. a5 Nd5 27. a6 b6 28. b4 Qh6 29. b5 Qg6 30. Qc4 c5 31. Bd3 Qh6 32. Qe4 Qc1+ 33. Kh2 Bc7 34. Qh7 Nf4 35. Qg8+ Bd8 36. Qxf7 1-0

[Event "Lisbon-ch"]
[Site "Olival Basto"]
[Date "2000.03.29"]
[Round "7"]
[White "Peixoto, Antonio Pedro B Dua"]
[Black "Boino, Claudio N Vigidal"]
[Result "1-0"]
[WhiteElo "2082"]
[BlackElo "2134"]
[PlyCount "100"]
[EventDate "2000.03.15"]
[EventType "swiss"]
[EventRounds "12"]
[EventCountry "POR"]
[SourceTitle "EXT 2001"]
[Source "ChessBase"]
[SourceDate "2000.11.22"]
[SourceVersion "1"]
[SourceVersionDate "2000.11.22"]
[SourceQuality "1"]

1. c3 d5 2. d4 Nf6 3. Nf3 e6 4. Bg5 Be7 5. Nbd2 h6 6. Bh4 b6 7. e3 Bb7 8. Ne5 Nfd7 9. Bxe7 Qxe7 10. Ndf3 Nxe5 11. Nxe5 0-0 12. Bd3 Nd7 13. Nxd7 Qxd7 14. 0-0 a5 15. Qe2 Qc8 16. Rac1 c5 17. Bb1 Ba6 18. Qc2 f5 19. Rfe1 Qd8 20. g3 Qd6 21. f4 Qe7 22. Rcd1 Rab8 23. Rd2 h5 24. Rg2 Kf7 25. Rc1 g6 26. h3 Rh8 27. Kh2 Rhg8 28. Qf2 Qd6 29. Rcg1 Rgc8 30. Kh1 Qe7 31. Rh2 Qf6 32. Qf3 Rg8 33. Rgg2 a4 34. Qd1 Bb5 35. Rg1 Bc6 36. Rf2 Qe7 37. Kh2 Qc7 38. Qc1 Qe7 39. b3 axb3 40. axb3 Ra8 41. Qb2 Qa7 42. Bd3 Qa3 43. Qc2 b5 44. Rb1 c4 45. Bf1 Rab8 46. Bg2 Qa6 47. Bf3 Rh8 48. Rg2 Qa3 49. Kg1 Qe7 50. bxc4 bxc4 1-0

[Event "Lisbon op"]
[Site "Lisbon"]
[Date "2000.??.??"]
[Round "4"]
[White "Boino, Claudio N Vigidal"]
[Black "Peixoto, Antonio Pedro B Dua"]
[Result "0-1"]
[WhiteElo "2134"]
[BlackElo "2082"]
[PlyCount "132"]
[EventDate "2000.??.??"]
[EventType "swiss"]
[EventRounds "6"]
[EventCountry "POR"]
[SourceTitle "EXT 2002"]
[Source "ChessBase"]
[SourceDate "2001.11.25"]
[SourceVersion "1"]
[SourceVersionDate "2001.11.25"]
[SourceQuality "1"]

1. e4 c6 2. d4 d5 3. Nd2 dxe4 4. Nxe4 Nf6 5. Nxf6+ gxf6 6. Bc4 Bf5 7. Ne2 Nd7 8. 0-0 Qc7 9. Bf4 e5 10. Ng3 Bg6 11. dxe5 fxe5 12. Be3 0-0-0 13. f4 exf4 14. Bxf4 Qb6+ 15. Kh1 Ne5 16. Bxe5 Rxd1 17. Raxd1 Rg8 18. Bxf7 Bxf7 19. Rxf7 h6 20. Bc7 Qxc7 21. Rxc7+ Kxc7 22. Rf1 Bg7 23. c3 Rd8 24. Kg1 Be5 25. Ne4 Rd7 26. g3 b5 27. Rf5 Re7 28. Kg2 Kb6 29. b3 Bg7 30. Kf3 Rd7 31. Ke2 Re7 32. Kd3 Be5 33. Nf6 Kc7 34. Ng8 Rd7+ 35. Kc2 Bg7 36. Nf6 Re7 37. Kd3 Kb6 38. c4 a6 39. a4 Ka5 40. cxb5 axb5 41. axb5 cxb5 42. Rf2 Rf7 43. b4+ Ka4 44. Ne4 Rd7+ 45. Kc2 Kxb4 46. Rf4 Rc7+ 47. Kd2 Kb3 48. Rf5 b4 49. Rb5 Ka4 50. Rb8 b3 51. Ra8+ Kb4 52. Rb8+ Ka3 53. Ra8+ Kb2 54. Kd1 Rd7+ 55. Ke2 Kb1 56. Nd2+ Kc2 57. Rc8+ Bc3 58. Nxb3 Kxb3 59. Rc6 Rd2+ 60. Kf3 Rxh2 61. g4 Bd2 62. Rd6 Kc2 63. Kg3 Rh1 64. Rc6+ Kd1 65. Kf3 Rf1+ 66. Ke4 Ke2 0-1

[Event "Faro op"]
[Site "Algarve"]
[Date "1999.08.15"]
[Round "6"]
[White "Pinho, Paulo Miguel"]
[Black "Boino, Claudio N Vigidal"]
[Result "0-1"]
[WhiteElo "2232"]
[BlackElo "2111"]
[PlyCount "105"]
[EventDate "1999.08.10"]
[EventType "swiss"]
[EventRounds "9"]
[EventCountry "POR"]
[SourceTitle "EXT 2000"]
[Source "ChessBase"]
[SourceDate "1999.11.16"]
[SourceVersion "1"]
[SourceVersionDate "1999.11.16"]
[SourceQuality "1"]

1. d4 d5 2. c4 c6 3. Nf3 Nf6 4. Nc3 e6 5. g3 Bb4 6. Qb3 Bxc3+ 7. Qxc3 Ne4 8. Qc2 Nd7 9. Bg2 f5 10. 0-0 0-0 11. b3 g5 12. Nd2 Nxd2 13. Qxd2 f4 14. e4 Nf6 15. gxf4 gxf4 16. exd5 exd5 17. Qxf4 Ne4 18. Qh6 Rf6 19. Qh4 Qf8 20. f3 Nd6 21. Ba3 Nf5 22. Bxf8 Nxh4 23. Be7 Rf4 24. Bxh4 Rxh4 25. cxd5 Rxd4 26. dxc6 bxc6 27. Rad1 Rxd1 28. Rxd1 Be6 29. Rd6 Bd5 30. f4 Rc8 31. Rd7 Rf8 32. Bxd5+ cxd5 33. Rxd5 Rxf4 34. Rd8+ Kg7 35. Rd7+ Kg6 36. Rxa7 Rd4 37. Ra4 Rd2 38. b4 Rb2 39. a3 Kg5 40. Ra8 Kh4 41. Rh8 h5 42. Rh6 Kg5 43. Rc6 h4 44. Rc5+ Kg4 45. Rc8 h3 46. Rg8+ Kf4 47. Kh1 Rc2 48. Rg1 Rc3 49. Rb1 Rc6 50. Kg1 Rg6+ 51. Kf1 Rg2 52. b5 Rxh2 53. Rb4+ 0-1

[Event "Faro op"]
[Site "Algarve"]
[Date "1999.08.12"]
[Round "3"]
[White "Boino, Claudio N Vigidal"]
[Black "Georgiev, Vladimir"]
[Result "0-1"]
[WhiteElo "2111"]
[BlackElo "2519"]
[PlyCount "52"]
[EventDate "1999.08.10"]
[EventType "swiss"]
[EventRounds "9"]
[EventCountry "POR"]
[SourceTitle "EXT 2000"]
[Source "ChessBase"]
[SourceDate "1999.11.16"]
[SourceVersion "1"]
[SourceVersionDate "1999.11.16"]
[SourceQuality "1"]

1. e4 c5 2. Nf3 Nc6 3. d4 cxd4 4. Nxd4 Nf6 5. Nc3 d6 6. Bc4 Bd7 7. Be3 Ng4 8. Nxc6 bxc6 9. 0-0 Nxe3 10. fxe3 e6 11. Qf3 Qf6 12. Qh5 Qg6 13. Qa5 Be7 14. Rf3 0-0 15. Raf1 Qg5 16. Qxg5 Bxg5 17. e5 d5 18. Be2 c5 19. Bb5 Bxb5 20. Nxb5 Rab8 21. Nc7 Be7 22. b3 Rb7 23. Na6 Rb6 24. Nc7 Bd8 25. Ne8 Rxe8 26. Rxf7 Be7 0-1

[Event "Lisbon-chB"]
[Site "Lisbon"]
[Date "1999.??.??"]
[Round "12"]
[White "Morais, Vitor Mestre"]
[Black "Boino, Claudio N Vigidal"]
[Result "1-0"]
[WhiteElo "2059"]
[BlackElo "2117"]
[PlyCount "77"]
[EventDate "1999.??.??"]
[EventType "swiss"]
[EventRounds "12"]
[EventCountry "POR"]
[SourceTitle "EXT 2000"]
[Source "ChessBase"]
[SourceDate "1999.11.16"]
[SourceVersion "1"]
[SourceVersionDate "1999.11.16"]
[SourceQuality "1"]

1. Nf3 d5 2. d4 c6 3. g3 Bg4 4. Bg2 Nd7 5. 0-0 Bxf3 6. Bxf3 e5 7. dxe5 Nxe5 8. Bg2 Nf6 9. b3 Bd6 10. Bb2 Qc7 11. Nd2 0-0-0 12. Nf3 Nxf3+ 13. exf3 Be5 14. c3 h5 15. f4 Bd6 16. Qd3 h4 17. b4 hxg3 18. fxg3 Qb6+ 19. Kh1 Kb8 20. Qf3 Ne4 21. Bc1 g5 22. Be3 Qc7 23. Bd4 f6 24. Qe3 Rxh2+ 25. Kxh2 Rh8+ 26. Kg1 Qh7 27. Rf3 g4 28. Rf2 Qh2+ 29. Kf1 Nxg3+ 30. Ke1 Qg1+ 31. Bf1 Rh1 32. Bxf6 Kc7 33. Qe8 b6 34. Qg6 Rh2 35. Rxh2 Qxh2 36. Qf7+ Kb8 37. Qe8+ Kb7 38. Qd7+ Bc7 39. Be5 1-0

[Event "Lisbon-ch"]
[Site "Lisbon"]
[Date "1998.05.19"]
[Round "2"]
[White "Boino, Claudio N Vigidal"]
[Black "Guerra, Vitor Manuel Vestia"]
[Result "1-0"]
[WhiteElo "2120"]
[BlackElo "2200"]
[PlyCount "79"]
[EventDate "1998.05.18"]
[EventType "tourn"]
[EventRounds "11"]
[EventCountry "POR"]
[SourceTitle "CBM 064 Extra"]
[Source "ChessBase"]
[SourceDate "1998.07.07"]
[SourceVersion "1"]
[SourceVersionDate "1998.07.07"]
[SourceQuality "1"]

1. e4 d6 2. d4 g6 3. Nc3 Bg7 4. Be3 Nd7 5. Nf3 Ngf6 6. h3 0-0 7. Qd2 e5 8. 0-0-0 exd4 9. Bxd4 Re8 10. Bc4 Nf8 11. g4 a6 12. Qf4 Be6 13. Be2 Qe7 14. Rhe1 Rad8 15. g5 Nh5 16. Qh4 f6 17. gxf6 Bxf6 18. Bxf6 Qxf6 19. Qxf6 Nxf6 20. Ng5 Kg7 21. f4 Bd7 22. Bc4 h6 23. e5 hxg5 24. exf6+ Kxf6 25. Nd5+ Kg7 26. fxg5 Rxe1 27. Rxe1 Be6 28. h4 c6 29. Ne3 d5 30. Bd3 Nd7 31. Ng2 Nc5 32. Nf4 Nxd3+ 33. cxd3 Bf7 34. Re7 Re8 35. Rxb7 Re1+ 36. Kd2 Rf1 37. Ne6+ Kg8 38. Rb8+ Kh7 39. Rf8 Rf5 40. Nd8 1-0